| 000 | 00765cam a2200193 4500 | ||
|---|---|---|---|
| 001 | ABS66246 | ||
| 008 | 021223n2002 000 0 eng u | ||
| 035 | _a(Sirsi) u120869 | ||
| 100 | _aSuff, P | ||
| 245 | _aSlow but steady | ||
| 260 | _c2002 | ||
| 490 |
_aEnvironment Information Bulletin _v (123) October 2002, 7-9(3) |
||
| 520 | _aReports on how corporate social and environmental responsibility reporting is growing steadily but disclosure of the information remains slow. Cites problems of lack of legislation, muddle in standards, and costs of verification as barriers to reporting. | ||
| 590 | _aABS | ||
| 650 | _aCORPORATE SOCIAL RESPONSIBILITY AGENDA | ||
| 650 | _aENVIRONMENTAL REPORTING | ||
| 690 | _aENVIRONMENT-AUDIT/ASSESSMENT | ||
| 942 | _n0 | ||
| 999 |
_c71842 _d71842 |
||